Top 50 Songs From 2015 - Statistics

General Stats
  • This quiz has been taken 363 times
  • The average score is 15 of 50
Answer Stats
Hint Answer % Correct
OMI Cheerleader
86%
Wiz Khalifa See You Again
81%
The Weeknd Cant Feel My Face
64%
Mark Ronson Uptown Funk
64%
Walk The Moon Shut Up And Dance
63%
Maroon 5 Sugar
60%
Taylor Swift Shake It Off
59%
The Weeknd The Hills
58%
Major Lazor & DJ Snake Lean On
57%
Taylor Swift Bad Blood
56%
Fetty Wap Trap Queen
56%
Rachel Platten Fight Song
53%
Silento Watch Me
53%
Ed Sheeran Thinking Out Loud
49%
Ellie Goulding Love Me Like You Do
47%
Fifth Harmony Worth It
45%
David Guetta & Nicki Minaj Hey Mama
36%
Ed Sheeran Photograph
36%
The Weeknd Earned It
33%
Taylor Swift Style
32%
Jason Derulo Want To Want Me
32%
Andy Grammer Honey I'm Good
31%
Skrillex & Diplo with JB Where Are U Now
31%
Fetty Wap 679
30%
Sia Elastic Heart
28%
Carley Rae Jepsen I Really Like You
28%
Tove Lo Talking Body
28%
Demi Lovato Cool For The Summer
26%
Selena Gomez Good For You
25%
Natalie La Rose Somebody
24%
Fall Out Boy Uma Thurman
20%
Omarion Post To Be
19%
Rihanna B**** Better Have My Money
17%
Little Big Town Girl Crush
13%
T-Wayne Nasty Freestyle
12%
Sam Hunt House Party
10%
Sam Hunt Take Your Time
10%
DJ Snake & Aluna George You Know You Like It
10%
Jidenna Classic Man
9%
Rich Homie Quan Flex
9%
Meek Mill All Eyes On You
8%
Trey Songz Slow Motion
8%
Pitbull Fun
6%
Thomas Rhett Crash And Burn
4%
Luke Bryan Kick The Dust Up
4%
Kid Ink Be Real
3%
Meek Mill R.I.C.O
3%
Blake Shelton Sangria
3%
Maroon 5 This Summer Is Gonna Hurt Like A Mother
3%
Jason Aldean Tonight Looks Good On You
2%
No matching quizzes found
Score Distribution
Percent of People with Each Score
Percentile by Number Answered
Your Score History
You have not taken this quiz